|
|
|
|
| LEADER |
00815nam a2200265 4500 |
| 001 |
DLU110128155 |
| 005 |
##20111117 |
| 040 |
# |
# |
|a DLU
|b vie
|
| 041 |
# |
# |
|a vie
|
| 044 |
# |
# |
|a vn
|
| 245 |
# |
# |
|a Chủ tịch Hồ Chí Minh nói về quan hệ Việt -Trung /
|c Nghiên cứu Trung Quốc.
|
| 653 |
# |
# |
|a Hồ Chí Minh, 1890-1969
|
| 653 |
# |
# |
|a Quan hệ ngoại giao
|
| 653 |
# |
# |
|a Quan hệ Việt Nam - Trung Quốc
|
| 710 |
# |
# |
|a Nghiên cứu Trung Quốc.
|
| 773 |
# |
# |
|t Nghiên cứu Trung Quốc
|g Số 1(101), 2010, tr. 3-4
|
| 920 |
# |
# |
|a Phòng Tạp chí -- Trung tâm Thông tin - Thư viện Trường Đại học Đà Lạt
|
| 994 |
# |
# |
|a DLU
|
| 900 |
# |
# |
|a True
|
| 911 |
# |
# |
|a Nguyễn Thị Linh Chi
|
| 925 |
# |
# |
|a G
|
| 926 |
# |
# |
|a A
|
| 927 |
# |
# |
|a BB
|
| 980 |
# |
# |
|a Thư viện Trường Đại học Đà Lạt
|